| 000 | 00550nam a22001937a 4500 | ||
|---|---|---|---|
| 003 | PILC | ||
| 005 | 20160115103300.0 | ||
| 008 | 130917t xxu||||| |||| 00| 0 eng d | ||
| 020 | _a0545007003 | ||
| 050 |
_aPZ 7 _b.W72433r 2008 |
||
| 082 |
_aFIC _bW72r 2008 |
||
| 100 |
_aWindham, Ryder _919256 |
||
| 245 |
_aIndiana jones and the raiders of the lost ark _cRyder Windham |
||
| 260 |
_aNew York : _bScholastic, _cc2008. |
||
| 300 |
_a230 p. : _bill. (some col.) ; _c20 cm. |
||
| 650 |
_aFiction. _9746 |
||
| 942 |
_2lcc _cBK |
||
| 999 |
_c11456 _d11456 |
||